Estudios de derecho del consumo (Ley 1480 de 2011) Tomo II

Bibliographic Details
Format: eBook
Language:Spanish
Published: Bogot:̀ Universidad de La Sabana, 2017
Subjects:
Online Access:Acceso restringido

MARC

LEADER 00000nam a22000007a 4500
005 2019080109139.0
007 cr|||| ||||
008 190801s2017 co |||||s|||| 00||0 spa d
020 |a 978-958-12-0429-8 
035 |a 23893 
040 |a vLex 
090 |c 9097  |d 9097 
245 0 0 |a Estudios de derecho del consumo (Ley 1480 de 2011)  |h [Recurso electrn̤ico] /  |n Tomo II 
256 |a Servicio en ln̕ea 
260 |a Bogot:̀  |b Universidad de La Sabana,  |c 2017 
300 |a 1 recurso electrn̤ico 
500 |a Conceptos bs̀icos, garanta̕s, publicidad y clùsulas abusivas. 
506 1 |a Disponible solo en los productos indicados  |d vLex Global  |d vLex Global (Academic Edition, excluding Law Schools)  |d vLex Global (U.S. Academic Edition, Law Schools)  |d vLex Global (U.S. Academic Edition, excluding Law Schools)  |d vLex Global (Academic Edition, Law Schools) 
650 0 4 |a Consumidores Usuarios  |z Colombia 
740 0 |a vLex Libros (Servicio en ln̕ea) 
856 4 0 |u http://vlex.com/source/estudios-derecho-consumo-ley-1480-2011-tomo-ii-23893  |z Acceso restringido 
942 |c BOOK 
999 0 |a Consumer Users